| 000 | 00452 a2200169 4500 | ||
|---|---|---|---|
| 003 | OSt | ||
| 005 | 20240111105600.0 | ||
| 008 | 240111b |||||||| |||| 00| 0 eng d | ||
| 020 | _a9788192315935 | ||
| 040 | _coclc | ||
| 082 |
_a297 _bAKB/M |
||
| 100 |
_aAkbar, M M _92026 |
||
| 245 |
_aMarxism marichuvo ? / _cM M Akbar |
||
| 260 |
_aKerala: _bDa'wa books, _c2012 |
||
| 300 | _a78p | ||
| 942 |
_2ddc _cBK _h297 _iAKB/M _k297 _mAKB/M |
||
| 999 |
_c43151 _d43151 |
||